Normal view MARC view

Entry Personal Name

Number of records used in: 1

001 - CONTROL NUMBER

  • control field: 1237500

003 - CONTROL NUMBER IDENTIFIER

  • control field: OSt

005 - DATE AND TIME OF LATEST TRANSACTION

  • control field: 20260430150433.0

008 - FIXED-LENGTH DATA ELEMENTS

  • fixed length control field: 260430|| aca||aabn | a|a d

040 ## - CATALOGING SOURCE

  • Original cataloging agency: OSt
  • Transcribing agency: OSt

100 ## - HEADING--PERSONAL NAME

  • Personal name: Vinay Kumar Au.; Mukhopadhyaya Ranjana Gu

670 ## - SOURCE DATA FOUND

  • Source citation: Work cat.: (OSt)1849776: Vinay Kumar Au.; Mukhopadhyaya Ranjana Gu., Study of the Role of Civil Protest in the Consolidation of Democracy in South Korea:1960 to 1993, 2023
Copyright @ Delhi University Library System